00380nam a2200133Ia 4500008004000000020001800040082001600058100002100074245006200095250000500157260003900162300001300201650003200214210210b2003 xxu||||| |||| 00| 0 eng d a81 229 0157 3 a070.19 ORLE aORLIK (Peter B). aElectronic media: an introduction to the profession. Ed.2 a aDelhibSurjeet Publications,c2003 axvii,684 aElectronic Media Mass Media